| 000 | 01203nam a2200241Ia 4500 | ||
|---|---|---|---|
| 999 |
_c35791 _d35791 |
||
| 001 | 1675 | ||
| 003 | GE_BSU | ||
| 005 | 20211028125023.0 | ||
| 008 | 181216s2011||||ge |||||||||||||| ||geo|| | ||
| 020 | _a19877684 | ||
| 040 | _cGE_BSU | ||
| 041 | _ageo | ||
| 080 | _a316(063) ს-74 | ||
| 245 |
_aსოციალურ მეცნიერებათა საკითხები: _bშრომების კრებული. ტომი III / _cრედ. ირაკლი მანველიძე; შოთა რუსთაველის სახელმწიფო უნივერსიტეტი. |
||
| 264 |
_aთბილისი: _bუნივერსალი, _c2011. |
||
| 300 |
_a322 გვ. _b19 სმ. |
||
| 541 | _h10 ლ. | ||
| 653 | _aსოციალურ მეცნიერებათა საკითხები | ||
| 653 | _aშრომების კრებული | ||
| 700 |
_aმანველიძე, ირაკლი _eრედაქტორი _92014 |
||
| 856 |
_uhttps://dspace.nplg.gov.ge/bitstream/1234/140915/1/Sotsialur_Metsnierebata_Sakitxebi_2011_N3.pdf _yელ. ვერსია. pdf |
||
| 942 |
_cBK _2udc |
||